000 00281nam a22001097a 4500
082 _a300
100 _aVision IAS
_981517
245 _aVision IAS Book 33/22 General Studies Notes Society -2 2022
260 _aDelhi
_bVision IAS
_c2022
650 _aSocial Science
942 _cBK
999 _c65573
_d65573